Computer Integrated Manufacturing aus Sicht der Betriebswirtschaftslehre und der Wirtschaftsinformatik.
Možnosti využitia celostnej interpretácie podniku pri systémoch CIM cez vnútropodnikové funkcionálne väzby jednotlivých štruktúrnych okruhov podniku. Integrácia rôznych oblastí CIM v plánovaní a riadení výroby a CAD/CAM v technicky orientovaných oblastiach. Štrukturácia integračných požiadaviek (int...
Guardado en:
| Autor principal: | |
|---|---|
| Formato: | Capítulo de libro |
| Lenguaje: | alemán |
| Materias: | |
| Etiquetas: |
Sin Etiquetas, Sea el primero en etiquetar este registro!
|
MARC
| LEADER | 00000naa a2200000 4500 | ||
|---|---|---|---|
| 001 | r011852 | ||
| 005 | 20221130113340.5 | ||
| 041 | 0 | |a ger | |
| 044 | |a DE | ||
| 245 | 1 | 0 | |a Computer Integrated Manufacturing aus Sicht der Betriebswirtschaftslehre und der Wirtschaftsinformatik. |c J. Becker |
| 520 | |a Možnosti využitia celostnej interpretácie podniku pri systémoch CIM cez vnútropodnikové funkcionálne väzby jednotlivých štruktúrnych okruhov podniku. Integrácia rôznych oblastí CIM v plánovaní a riadení výroby a CAD/CAM v technicky orientovaných oblastiach. Štrukturácia integračných požiadaviek (integrácia dát, štruktúry dát, modulov, funkcií) a príspevok hospodárskej informatiky a podnikovej ekonomiky k vymedzeniu integračných komponentov. Realizácia integračných komponentov pomocou počítačov. | ||
| 610 | 2 | 0 | |a CIM |
| 610 | 2 | 0 | |a CAD |
| 610 | 2 | 0 | |a CAM |
| 610 | 2 | 0 | |a informácie vnútropodnikové |
| 610 | 2 | 0 | |a systémy informačné integrované |
| 100 | 1 | |a Becker, J. | |